[Event "Amposta Balague Memorial 1st"]
[Site "Amposta"]
[Date "2014.07.24"]
[Round "1"]
[White "Estelle Pelegrin, Alex"]
[Black "Asensio Linan, Teodoro"]
[Result "0-1"]
[WhiteElo "1372"]
[BlackElo "2189"]
[PlyCount "30"]
[EventDate "2014.07.24"]
[EventType "swiss"]
[EventRounds "7"]
[EventCountry "ESP"]
[SourceTitle "CBM 161 Extra"]
[Source "ChessBase"]
[SourceDate "2014.08.29"]
[SourceVersion "1"]
[SourceVersionDate "2014.08.29"]
[SourceQuality "1"]

1. e4 g6 2. d4 Bg7 3. Nf3 d6 4. Nc3 a6 5. Be2 Nd7 6. 0-0 b5 7. a3 Bb7 8. b4 c5 9. Be3 Rc8 10. Qd2 cxd4 11. Bxd4 Ngf6 12. Bd3 0-0 13. Rfe1 e5 14. Be3 Qc7 15. Ne2 Bxe4 0-1